Manažment prevádzky golfového areálu diplomová práca

Salvato in:
Dettagli Bibliografici
Autore principale: Zelenková, Sandra
Ente Autore: Obchodná fakulta EU. Katedra marketingu
Altri autori: Matušovičová, Monika, 1967-
Natura: Libro
Lingua:slovacco
Pubblicazione: Bratislava 2011
Tags: Aggiungi Tag
Nessun Tag, puoi essere il primo ad aggiungerne!!

MARC

LEADER 00000nbm a2200000 4500
001 0131976
005 20161109101746.7
041 0 |a slo 
044 |a SK 
245 1 0 |a Manažment prevádzky golfového areálu  |b diplomová práca  |c Sandra Zelenková ; školiteľ: Monika Matušovičová 
264 1 |a Bratislava  |c 2011 
300 |a 82 s. 
100 1 |a Zelenková, Sandra 
700 1 |a Matušovičová, Monika, 1967- 
710 2 |a Obchodná fakulta EU. Katedra marketingu